| Поле | Название | Значение |
| |
Тип записи |
a |
| |
Библиографический уровень |
m |
| 001 |
Контрольный номер |
RU\infra-m\znanium\bibl\2187698 |
| 005 |
Дата корректировки |
20260429142122.1 |
| 008 |
Кодируемые данные |
250627s2024 RU g rus u |
| 020 |
Индекс ISBN |
__ |
| a |
ISBN |
978-5-7281-3380-3 |
| 040 |
Источник каталогиз. |
__ |
| a |
Служба первич. каталог. |
Общество с ограниченной ответственностью «ЗНАНИУМ» |
| 041 |
Код языка издания |
__ |
| a |
Код языка текста |
rus |
| 044 |
Код страны публикации |
__ |
| a |
Код страны публикации |
RU |
| 080 |
Индекс УДК |
__ |
| a |
Индекс УДК |
81 |
| 084 |
Индекс другой классификации/Индекс ББК |
__ |
| 2 |
Источник индекса |
rubbk |
| a |
Индекс другой классификации/Индекс ББК |
811 |
| 084 |
Индекс другой классификации/Индекс ББК |
__ |
| 2 |
Источник индекса |
okso |
| a |
Индекс другой классификации/Индекс ББК |
00.03.02 |
| 084 |
Индекс другой классификации/Индекс ББК |
__ |
| 2 |
Источник индекса |
okso |
| a |
Индекс другой классификации/Индекс ББК |
00.05.02 |
| 084 |
Индекс другой классификации/Индекс ББК |
__ |
| 2 |
Источник индекса |
okso |
| a |
Индекс другой классификации/Индекс ББК |
45.03.02 |
| 084 |
Индекс другой классификации/Индекс ББК |
__ |
| 2 |
Источник индекса |
okso |
| a |
Индекс другой классификации/Индекс ББК |
45.03.03 |
| 084 |
Индекс другой классификации/Индекс ББК |
__ |
| 2 |
Источник индекса |
okso |
| a |
Индекс другой классификации/Индекс ББК |
45.04.02 |
| 084 |
Индекс другой классификации/Индекс ББК |
__ |
| 2 |
Источник индекса |
okso |
| a |
Индекс другой классификации/Индекс ББК |
45.04.03 |
| 245 |
Заглавие |
__ |
| a |
Заглавие |
Иностранный язык в профессиональной сфере |
| b |
Продолж. заглавия |
сборник статей по материалам студенческих научных семинаров = English for specific purposes: Collection of articles based on the student scientific seminars; Материалы конференций |
| c |
Ответственность |
Российский государственный гуманитарный университет РГГУ; Московский государственный институт международных отношений (университет) Министерства иностранных дел Российской Федерации; Российский государственный гуманитарный университет РГГУ |
| 250 |
Сведения об издании |
__ |
| a |
Основные сведения об издании |
1 |
| 260 |
Выходные данные |
__ |
| a |
Место издания |
Москва |
| b |
Издательство |
Федеральное государственное бюджетное образовательное учреждение высшего профессионального образования "Российский государственный гуманитарный университет" |
| c |
Дата издания |
2024 |
| 300 |
Физическое описание |
__ |
| a |
Объем |
233 с. |
| 520 |
Аннотация |
__ |
| a |
Аннотация |
Сборник составлен на основе материалов студенческих научных семинаров организованных кафедрой иностранных языков факультета международных отношений политологии и зарубежного регионоведения историко-архивного института РГГУ. Для преподавателей и студентов гуманитарных вузов. |
| 521 |
Примеч. о цел. назн. |
__ |
| a |
Примеч. о целев. назн. |
Профессиональное образование |
| 650 |
Тематические рубрики |
__ |
| a |
Основная рубрика |
Филологические науки |
| x |
Основная подрубрика |
Прикладное языкознание |
| 655 |
Указ. предметных рубрик (устаревшее) |
__ |
| a |
Жанр/ форма (устаревшее) |
Материалы конференций |
| 700 |
Другие авторы |
__ |
| a |
Другие авторы |
Павленко О.В. |
| q |
Полное имя |
Павленко Ольга Вячеславовна |
| u |
Дополнение |
Российский государственный гуманитарный университет РГГУ |
| 700 |
Другие авторы |
__ |
| a |
Другие авторы |
Умарканова С.Ж. |
| q |
Полное имя |
Умарканова Светлана Жавфаровна |
| u |
Дополнение |
Российский государственный гуманитарный университет РГГУ |
| 700 |
Другие авторы |
__ |
| a |
Другие авторы |
Борисов Н.А. |
| q |
Полное имя |
Борисов Николай Александрович |
| u |
Дополнение |
Российский государственный гуманитарный университет РГГУ |
| 700 |
Другие авторы |
__ |
| a |
Другие авторы |
Кожокин Е.М. |
| q |
Полное имя |
Кожокин Евгений Михайлович |
| u |
Дополнение |
Московский государственный институт международных отношений (университет) Министерства иностранных дел Российской Федерации |
| 700 |
Другие авторы |
__ |
| a |
Другие авторы |
Журавлева В.И. |
| q |
Полное имя |
Журавлева Виктория Ивановна |
| u |
Дополнение |
Российский государственный гуманитарный университет РГГУ |
| 700 |
Другие авторы |
__ |
| a |
Другие авторы |
Халилова Л. А. |
| q |
Полное имя |
Халилова Людмила Ахтемовна |
| u |
Дополнение |
Российский государственный гуманитарный университет РГГУ |
| 700 |
Другие авторы |
__ |
| a |
Другие авторы |
Антонова И.Б. |
| q |
Полное имя |
Антонова Ирина Борисовна |
| u |
Дополнение |
Российский государственный гуманитарный университет РГГУ |
| 700 |
Другие авторы |
__ |
| a |
Другие авторы |
Баранова Т.В. |
| q |
Полное имя |
Баранова Татьяна Валентиновна |
| u |
Дополнение |
Воронежский государственный университет |
| 700 |
Другие авторы |
__ |
| a |
Другие авторы |
Анисимов П.А. |
| q |
Полное имя |
Анисимов Павел Алексеевич |
| u |
Дополнение |
Российский государственный гуманитарный университет РГГУ |
| 700 |
Другие авторы |
__ |
| a |
Другие авторы |
Маркелова Т.А. |
| q |
Полное имя |
Маркелова Татьяна Александровна |
| u |
Дополнение |
Российский государственный гуманитарный университет РГГУ |
| 700 |
Другие авторы |
__ |
| a |
Другие авторы |
Гурьянова Е.Н. |
| q |
Полное имя |
Гурьянова Елена Николаевна |
| u |
Дополнение |
Российский государственный гуманитарный университет РГГУ |
| 856 |
Электронный адрес документа |
4_ |
| a |
Имя сервера/домена |
znanium.ru |
| m |
Помощь |
ebs_support@infra-m.ru |
| n |
Местонахождение сервера |
НИЦ ИНФРА-М |
| u |
URL |
https://znanium.ru/catalog/document?id=457911 |
| 856 |
Электронный адрес документа |
48 |
| a |
Имя сервера/домена |
znanium.ru |
| d |
Путь |
/cover/2187 |
| f |
Электронное имя |
2187698.jpg |
| q |
Тип электронного формата |
image/jpeg |
| u |
URL |
https://znanium.ru/cover/2187/2187698.jpg |
| 911 |
|
__ |
| u |
|
0030=https://znanium.ru/catalog/document?id=457911 |
| 911 |
|
__ |
| u |
|
712a=Московский государственный институт международных отношений (университет) Министерства иностранных дел Российской Федерации |
| 911 |
|
__ |
| u |
|
712a=Российский государственный гуманитарный университет РГГУ |